Inside out ; Intermediate: student's book

Saved in:
Bibliographic Details
Main Author: Sue Kay
Format: Book
Language:Undetermined
Published: Oxford Macmillan 2000
Subjects:
Tags: Add Tag
No Tags, Be the first to tag this record!
Institutions: Trung tâm Học liệu Trường Đại học Cần Thơ
LEADER 00544nam a2200205Ia 4500
001 CTU_65314
008 210402s9999 xx 000 0 und d
020 |b 84000 
082 |a 428.34 
082 |b K23st 
100 |a Sue Kay 
245 0 |a Inside out ; Intermediate: student's book 
245 0 |c Sue Kay, Vaughan Jones 
260 |a Oxford 
260 |b Macmillan 
260 |c 2000 
650 |a english language 
650 |x textbooks for foreign speakers 
904 |i Năm 
980 |a Trung tâm Học liệu Trường Đại học Cần Thơ